[Event "Ulan Bator Mongolia Fed"]
[Site "Ulan Bator"]
[Date "2024.03.22"]
[Round "2"]
[White "Bayarmandakh, Balgan"]
[Black "Buyankhishig, Batpelden"]
[Result "1-0"]
[WhiteElo "2160"]
[BlackElo "1871"]
[PlyCount "65"]
[EventDate "2024.03.21"]
[EventType "swiss"]
[EventRounds "7"]
[EventCountry "MGL"]
[SourceTitle "CB13_2024"]
[SourceDate "2024.03.27"]
[SourceVersion "1"]
[SourceVersionDate "2024.03.27"]
[SourceQuality "1"]

1. d4 Nf6 2. c4 e6 3. Nc3 Bb4 4. Qc2 c5 5. dxc5 Bxc5 6. Nf3 0-0 7. Bg5 Be7 8. e4 Nc6 9. a3 h6 10. Bh4 g5 11. Bg3 Nh5 12. 0-0-0 Nxg3 13. hxg3 Kg7 14. g4 Qc7 15. Kb1 a6 16. Ne2 d6 17. Ng3 Rh8 18. Be2 Bd7 19. Qc3+ Ne5 20. Nh5+ Kg6 21. Qxe5 dxe5 22. Rxd7 Qb8 23. Rxe7 Rd8 24. c5 a5 25. Bc4 Ra6 26. Bxa6 bxa6 27. Rc1 Rc8 28. c6 Qb5 29. c7 Qd3+ 30. Ka1 Qd6 31. Rd7 Qxd7 32. Nxe5+ Kh7 33. Nxd7 1-0

[Event "Ulaanbaatar IM"]
[Site "Ulaanbaatar"]
[Date "2020.02.01"]
[Round "3"]
[White "Bayarmandakh, Balgan"]
[Black "Munkhgal, Gombosuren"]
[Result "0-1"]
[WhiteElo "2233"]
[BlackElo "2473"]
[PlyCount "38"]
[EventDate "2020.01.31"]
[EventType "tourn"]
[EventRounds "10"]
[EventCountry "MGL"]
[EventCategory "6"]
[SourceTitle "CBM 194 Extra"]
[Source "ChessBase"]
[SourceDate "2020.03.31"]
[SourceVersion "1"]
[SourceVersionDate "2020.03.31"]
[SourceQuality "1"]

1. d4 d5 2. c4 e6 3. Nc3 Bb4 4. Nf3 dxc4 5. e3 b5 6. Bd2 c6 7. a4 a5 8. Ne5 Nf6 9. axb5 Bxc3 10. Bxc3 cxb5 11. b3 Bb7 12. bxc4 b4 13. Bb2 Nbd7 14. Nxd7 Qxd7 15. Qb3 0-0 16. f3 Rfb8 17. Bd3 a4 18. Qxb4 Be4 19. Qd2 Bxd3 0-1

[Event "Belt and Road Hunan op-B"]
[Site "Changsha"]
[Date "2019.07.30"]
[Round "2"]
[White "Li, Xinyu"]
[Black "Bayarmandakh, Balgan"]
[Result "0-1"]
[WhiteElo "2053"]
[BlackElo "2219"]
[PlyCount "126"]
[EventDate "2019.07.29"]
[EventType "swiss"]
[EventRounds "9"]
[EventCountry "CHN"]
[SourceTitle "EXT 2020"]
[Source "ChessBase"]
[SourceDate "2019.10.17"]
[SourceVersion "1"]
[SourceVersionDate "2019.10.17"]
[SourceQuality "1"]

1. d4 Nf6 2. c4 e6 3. Nc3 d5 4. cxd5 exd5 5. Bg5 Be7 6. e3 c6 7. Bd3 Nbd7 8. Qc2 0-0 9. Nf3 Re8 10. 0-0 h6 11. Bf4 Nf8 12. h3 Bd6 13. Ne5 Qe7 14. Rfe1 N8d7 15. Nf3 Nb6 16. a3 Be6 17. Rad1 Nc4 18. Na4 Nd7 19. Qc1 Rac8 20. b4 b6 21. Bxc4 dxc4 22. e4 Bxf4 23. Qxf4 Qf6 24. Qg3 Nf8 25. Nc3 Red8 26. Rc1 Ng6 27. Ne2 b5 28. h4 a5 29. h5 Nf8 30. Ne5 axb4 31. axb4 Qe7 32. Rb1 f6 33. Nf3 Qc7 34. Nf4 Ra8 35. e5 f5 36. Nh4 Qf7 37. Red1 Rd7 38. Qf3 Rc8 39. Ra1 Qe7 40. Nxe6 Qxh4 41. Nxf8 Rxf8 42. Qxc6 Rxd4 43. Qxb5 c3 44. Qc5 Rc4 45. Qd5+ Kh7 46. Rac1 Rfc8 47. Qf3 Rf4 48. Qg3 Qxg3 49. fxg3 Rxb4 50. Kf2 Kg8 51. Rd3 c2 52. Re3 Rb1 53. Ree1 Rxc1 54. Rxc1 Kf7 55. Ke3 Ke6 56. Kd4 Rc7 57. Kd3 Kxe5 58. Rxc2 Rxc2 59. Kxc2 Kf6 60. Kd3 Kg5 61. Ke3 Kg4 62. Kf2 Kxh5 63. Kf3 Kg5 0-1

[Event "Ulaanbaatar Ikh Nuudel op"]
[Site "Ulaanbaatar"]
[Date "2016.10.05"]
[Round "9"]
[White "Munkhgal, Gombosuren"]
[Black "Bayarmandakh, Balgan"]
[Result "1-0"]
[WhiteElo "2446"]
[BlackElo "2245"]
[PlyCount "67"]
[EventDate "2016.09.29"]
[EventType "swiss"]
[EventRounds "9"]
[EventCountry "MGL"]
[SourceTitle "CBM 174 Extra"]
[Source "ChessBase"]
[SourceDate "2016.10.10"]
[SourceVersion "1"]
[SourceVersionDate "2016.10.10"]
[SourceQuality "1"]

1. d4 Nf6 2. c4 c5 3. d5 e5 4. Nc3 d6 5. e4 Be7 6. h3 a6 7. a4 a5 8. Bd3 Na6 9. Bb1 Nb4 10. Nge2 0-0 11. 0-0 Ne8 12. f4 exf4 13. Bxf4 Bf6 14. Qe1 Bh4 15. Qd2 Qe7 16. Qe3 Bf6 17. Qg3 Bd7 18. Ra3 g6 19. Kh1 Be5 20. Nd1 Ng7 21. Bxe5 Qxe5 22. Qxe5 dxe5 23. Ne3 f5 24. exf5 gxf5 25. Nc3 e4 26. Ne2 Nd3 27. Bxd3 exd3 28. Rxd3 Bxa4 29. Nf4 Bd7 30. d6 b5 31. Ned5 bxc4 32. Rg3 Ra6 33. Nh5 Rf7 34. Nxg7 1-0

[Event "Ulaanbaatar Ikh Nuudel op"]
[Site "Ulaanbaatar"]
[Date "2016.10.01"]
[Round "3"]
[White "Gundavaa, Bayarsaihan"]
[Black "Bayarmandakh, Balgan"]
[Result "1-0"]
[WhiteElo "2492"]
[BlackElo "2245"]
[PlyCount "85"]
[EventDate "2016.09.29"]
[EventType "swiss"]
[EventRounds "9"]
[EventCountry "MGL"]
[SourceTitle "CBM 174 Extra"]
[Source "ChessBase"]
[SourceDate "2016.10.10"]
[SourceVersion "1"]
[SourceVersionDate "2016.10.10"]
[SourceQuality "1"]

1. d4 d5 2. c4 e6 3. Nf3 Nf6 4. g3 Be7 5. Bg2 0-0 6. 0-0 Ne4 7. Qc2 c6 8. Nbd2 f5 9. Ne5 Nd7 10. Nd3 Bf6 11. Nf3 Re8 12. b3 b6 13. a4 a5 14. Ba3 Ba6 15. Nfe5 Rc8 16. f3 dxc4 17. bxc4 Nec5 18. f4 Nxe5 19. dxe5 Qd4+ 20. Kh1 Be7 21. Nxc5 bxc5 22. Rac1 Red8 23. Bb2 Qd2 24. e4 g6 25. exf5 gxf5 26. Rf2 Qxc2 27. Rfxc2 Rd3 28. Bf1 Rb3 29. Bc3 Ra8 30. Ra1 Bd8 31. Kg2 Rab8 32. Be2 Kf7 33. Rd1 Ke7 34. h3 Bc8 35. g4 Bc7 36. Be1 Rb2 37. Rdd2 Rxc2 38. Rxc2 Rb3 39. Bf2 Bb6 40. Bf3 Bd7 41. Bh4+ Ke8 42. Be2 fxg4 43. hxg4 1-0

[Event "MGL-ch blitz"]
[Site "Ulaanbaatar"]
[Date "2015.09.18"]
[Round "5"]
[White "Bayarmandakh, Balgan"]
[Black "Nasanjargal, Urtnasan"]
[Result "0-1"]
[WhiteElo "2275"]
[BlackElo "2372"]
[PlyCount "84"]
[EventDate "2015.09.18"]
[EventType "tourn (blitz)"]
[EventRounds "15"]
[EventCountry "MGL"]
[SourceTitle "EXT 2016"]
[Source "ChessBase"]
[SourceDate "2015.10.08"]
[SourceVersion "1"]
[SourceVersionDate "2015.10.08"]
[SourceQuality "1"]

1. d4 Nf6 2. c4 g6 3. g3 Bg7 4. Bg2 0-0 5. e4 c5 6. d5 e6 7. Ne2 exd5 8. cxd5 Re8 9. Qc2 d6 10. 0-0 b5 11. a4 bxa4 12. Nbc3 Na6 13. Qxa4 Nb4 14. h3 a5 15. g4 Ba6 16. Re1 Nd7 17. Bf4 Nb6 18. Qd1 Nd3 19. Rxa5 Nxe1 20. Qxe1 Nc4 21. Ra2 Qb6 22. Bc1 Qb3 23. Qd1 Qxd1+ 24. Nxd1 Nxb2 25. Rxa6 Rxa6 26. Nxb2 Bxb2 27. Bxb2 Ra2 28. Bf6 Rxe2 29. g5 c4 30. Bf1 R2xe4 31. f3 Rf4 32. Kf2 Rc8 33. Ke3 Rf5 34. Bc3 Rxd5 35. f4 Re8+ 36. Kf2 Rd3 37. Bxd3 cxd3 38. Kf3 d5 39. h4 Re4 40. Bd2 Kf8 41. h5 Ke8 42. h6 Kd7 0-1

[Event "MGL-ch blitz"]
[Site "Ulaanbaatar"]
[Date "2015.09.18"]
[Round "8"]
[White "Garidmagnai, Byambasuren"]
[Black "Bayarmandakh, Balgan"]
[Result "1-0"]
[WhiteElo "1946"]
[BlackElo "2275"]
[PlyCount "107"]
[EventDate "2015.09.18"]
[EventType "tourn (blitz)"]
[EventRounds "15"]
[EventCountry "MGL"]
[SourceTitle "EXT 2016"]
[Source "ChessBase"]
[SourceDate "2015.10.08"]
[SourceVersion "1"]
[SourceVersionDate "2015.10.08"]
[SourceQuality "1"]

1. d4 Nf6 2. c4 g6 3. Nc3 Bg7 4. e4 0-0 5. Nf3 c5 6. d5 d6 7. Be2 a6 8. 0-0 Nbd7 9. a4 Ne8 10. h3 Rb8 11. Qc2 b6 12. Bf4 Nc7 13. Bd3 Ne5 14. Nxe5 dxe5 15. Be3 a5 16. Rad1 Ne8 17. Nb5 Nd6 18. Na7 Bd7 19. Nb5 Bxb5 20. axb5 Qd7 21. Bd2 f5 22. exf5 gxf5 23. f3 Kh8 24. Rde1 e6 25. dxe6 Qxe6 26. b3 Rbe8 27. Bc3 Qg6 28. Kh1 Rg8 29. Qb2 e4 30. fxe4 fxe4 31. Bb1 Bxc3 32. Qxc3+ Rg7 33. Rf2 Reg8 34. Rfe2 Nf5 35. Kh2 Qd6+ 36. Kg1 Qd4+ 37. Qxd4 Nxd4 38. Rf2 Rg3 39. Bxe4 Rxb3 40. Bd5 Rd8 41. Re7 Rg8 42. Bxg8 Kxg8 43. Rff7 a4 44. Rg7+ Kf8 45. Ref7+ Ke8 46. Ra7 Kf8 47. Rxh7 Kg8 48. Rhb7 Ne6 49. Ra8+ Nf8 50. Rbb8 a3 51. Rxf8+ Kg7 52. Rfb8 Kf6 53. Rxb6+ Ke5 54. Rba6 1-0

[Event "Asian Continental op 14th"]
[Site "Al Ain"]
[Date "2015.08.09"]
[Round "8"]
[White "Bayarmandakh, Balgan"]
[Black "Alattar, Rakan"]
[Result "1-0"]
[WhiteElo "2225"]
[BlackElo "2012"]
[PlyCount "95"]
[EventDate "2015.08.02"]
[EventType "swiss"]
[EventRounds "9"]
[EventCountry "UAE"]
[SourceTitle "CBM 168"]
[Source "ChessBase"]
[SourceDate "2015.09.14"]
[SourceVersion "1"]
[SourceVersionDate "2015.09.14"]
[SourceQuality "1"]

1. d4 Nf6 2. c4 g6 3. g3 Bg7 4. Bg2 0-0 5. e4 d6 6. Ne2 Nbd7 7. 0-0 c5 8. Nbc3 a6 9. h3 Qc7 10. d5 b5 11. cxb5 axb5 12. Nxb5 Qa5 13. a4 Ba6 14. Bd2 Qb6 15. Nec3 Rfb8 16. Qc2 Ne8 17. Rfd1 Ne5 18. Bg5 Rb7 19. b3 Rab8 20. Be3 Bxb5 21. Nxb5 Nc7 22. Nxc7 Qxc7 23. Rab1 Qa5 24. f4 Nd7 25. Kh2 Qb4 26. Bf1 Nb6 27. Bb5 h5 28. h4 Nd7 29. Bd2 Qd4 30. Ba5 Qf6 31. Rd3 e5 32. dxe6 Qxe6 33. Bc4 Qxe4 34. Bd5 Qxa4 35. bxa4 Rxb1 36. Rd2 Nf6 37. Bf3 R1b3 38. Kg2 Ng4 39. Bxg4 hxg4 40. Bc7 R8b4 41. Bxd6 Rc3 42. Qd1 Rf3 43. Bxc5 Rbb3 44. Bf2 Bf6 45. Qe2 Kg7 46. a5 Kh6 47. a6 Bc3 48. a7 1-0

[Event "MGL-ch 55th"]
[Site "Ulaanbaatar"]
[Date "2015.04.25"]
[Round "11"]
[White "Batchuluun, Tsegmed"]
[Black "Bayarmandakh, Balgan"]
[Result "1/2-1/2"]
[WhiteElo "2499"]
[BlackElo "2242"]
[PlyCount "156"]
[EventDate "2015.04.18"]
[EventType "tourn"]
[EventRounds "13"]
[EventCountry "MGL"]
[EventCategory "3"]
[SourceTitle "CBM 166 Extra"]
[Source "ChessBase"]
[SourceDate "2015.06.18"]
[SourceVersion "1"]
[SourceVersionDate "2015.06.18"]
[SourceQuality "1"]

1. d4 Nf6 2. c4 c5 3. d5 e5 4. Nc3 d6 5. e4 Be7 6. g3 0-0 7. Bg2 Ne8 8. Nge2 a6 9. a4 f5 10. 0-0 Bf6 11. Qc2 g6 12. f4 Ng7 13. fxe5 Bxe5 14. Bh6 b6 15. Bh3 Ra7 16. exf5 Bxf5 17. Bxf5 Rxf5 18. Nf4 Raf7 19. Ne4 Nd7 20. Bxg7 Bxf4 21. gxf4 Rxg7 22. a5 Nf8 23. axb6 Qxb6 24. Ra3 Rgf7 25. Qd2 Re7 26. Ng3 Rff7 27. b3 Nd7 28. f5 Nf8 29. Qa5 Qb8 30. Qc3 Qc8 31. Ra2 gxf5 32. Raf2 Re5 33. Qd3 f4 34. Rxf4 Rxf4 35. Rxf4 Ng6 36. Rf1 Qe8 37. Nf5 Qf8 38. Qh3 Kh8 39. Kh1 Qc8 40. Qd3 Qf8 41. Qh3 Qc8 42. Qc3 Qf8 43. Ne3 Qg7 44. Qa5 Re8 45. Nf5 Qf6 46. Qxa6 Nh4 47. Ng3 Qb2 48. Qa1 Qxa1 49. Rxa1 Re3 50. Rb1 Kg7 51. Kg1 Kf6 52. Kf2 Rf3+ 53. Ke2 Ke5 54. b4 cxb4 55. Rxb4 Rf4 56. Nf1 Nf5 57. Nd2 Nd4+ 58. Kd1 Rg4 59. Kc1 Rg1+ 60. Kb2 Rg2 61. Kc3 Rxh2 62. Rb8 Rh3+ 63. Kb2 Rd3 64. Re8+ Kf4 65. Ne4 Nf5 66. Nf6 h6 67. Re4+ Kg5 68. Re6 Re3 69. Rxe3 Nxe3 70. Ne4+ Kf4 71. Nxd6 h5 72. Kc3 h4 73. Nb5 Nf5 74. c5 Ke5 75. d6 Ke6 76. Nc7+ Kd7 77. Nd5 h3 78. Nf6+ Kc6 1/2-1/2

[Event "MGL-ch 55th"]
[Site "Ulaanbaatar"]
[Date "2015.04.24"]
[Round "10"]
[White "Bayarmandakh, Balgan"]
[Black "Munkhgal, Gombosuren"]
[Result "0-1"]
[WhiteElo "2242"]
[BlackElo "2419"]
[PlyCount "144"]
[EventDate "2015.04.18"]
[EventType "tourn"]
[EventRounds "13"]
[EventCountry "MGL"]
[EventCategory "3"]
[SourceTitle "CBM 166 Extra"]
[Source "ChessBase"]
[SourceDate "2015.06.18"]
[SourceVersion "1"]
[SourceVersionDate "2015.06.18"]
[SourceQuality "1"]

1. d4 e6 2. c4 f5 3. Nc3 Nf6 4. g3 Be7 5. Bg2 d6 6. b3 0-0 7. Bb2 Nbd7 8. e3 c6 9. Nge2 e5 10. Qc2 Ne8 11. 0-0-0 Qc7 12. h3 Ndf6 13. f3 g6 14. g4 Ng7 15. g5 Nfh5 16. f4 exf4 17. exf4 d5 18. cxd5 Nxf4 19. Nxf4 Qxf4+ 20. Kb1 Qxg5 21. dxc6 bxc6 22. Bxc6 Rb8 23. h4 Qg3 24. Nd5 Bd8 25. Rdg1 Qd6 26. h5 f4 27. Qc5 Bf5+ 28. Ka1 Qxc5 29. dxc5 Rc8 30. Bb7 Rxc5 31. Nxf4 g5 32. Rh2 h6 33. Bd5+ Kh7 34. Ng6 Bxg6 35. hxg6+ Kxg6 36. Be4+ Nf5 37. Rgh1 Kf7 38. b4 Rb5 39. Bd3 a6 40. Bxb5 axb5 41. Rc2 g4 42. Rc6 g3 43. Rf1 Ke8 44. Rc5 g2 45. Re1+ Be7 46. Rcc1 Rg8 47. Bf6 g1Q 48. Rxg1 Bxf6+ 49. Kb1 Rxg1 50. Rxg1 Kf7 51. Kc2 h5 52. Kd3 h4 53. Ke4 Ke6 54. Kf4 Nd6 55. Rg6 Nf7 56. Rg1 Ne5 57. Ke4 Nc6 58. a3 Nd4 59. Rc1 Kd6 60. Rf1 Be5 61. Rh1 Bf6 62. Rf1 Ke6 63. Rc1 Nf5 64. Rc5 Nd6+ 65. Kf4 h3 66. Kf3 Bb2 67. a4 bxa4 68. Ra5 a3 69. Kg3 Nc4 70. Ra6+ Kd5 71. Kxh3 Bc3 72. Ra4 Kc6 0-1

[Event "MGL-ch 55th"]
[Site "Ulaanbaatar"]
[Date "2015.04.19"]
[Round "2"]
[White "Enkhnar, Enkhbaatar"]
[Black "Bayarmandakh, Balgan"]
[Result "1-0"]
[WhiteElo "2287"]
[BlackElo "2242"]
[PlyCount "93"]
[EventDate "2015.04.18"]
[EventType "tourn"]
[EventRounds "13"]
[EventCountry "MGL"]
[EventCategory "3"]
[SourceTitle "CBM 166 Extra"]
[Source "ChessBase"]
[SourceDate "2015.06.18"]
[SourceVersion "1"]
[SourceVersionDate "2015.06.18"]
[SourceQuality "1"]

1. d4 Nf6 2. Nf3 g6 3. g3 Bg7 4. Bg2 0-0 5. 0-0 d5 6. c4 c6 7. cxd5 cxd5 8. Nc3 Nc6 9. Ne5 e6 10. Nxc6 bxc6 11. b3 Nd7 12. e4 Ba6 13. Re1 Qa5 14. Na4 Bb5 15. Bd2 Qc7 16. Bb4 Rfd8 17. Nc3 Ba6 18. exd5 cxd5 19. Na4 Rac8 20. Nc5 Nxc5 21. Bxc5 e5 22. Qd2 e4 23. Rac1 Qb7 24. h4 Bd3 25. h5 Re8 26. hxg6 hxg6 27. Bh3 Rc6 28. Qxd3 exd3 29. Rxe8+ Kh7 30. Rd1 Qa6 31. a4 Rxc5 32. dxc5 Bd4 33. Ree1 Bxc5 34. Rf1 Bb4 35. Bg2 d2 36. Bxd5 f5 37. Kg2 Qd3 38. Bc4 Qd4 39. Rh1+ Kg7 40. Rh4 Qc3 41. Rdh1 Kf6 42. Rh7 Qc2 43. Rf7+ Ke5 44. Rd7 Qe4+ 45. f3 Qe1 46. f4+ Ke4 47. Rh8 1-0

[Event "MGL-ch 55th"]
[Site "Ulaanbaatar"]
[Date "2015.04.18"]
[Round "1"]
[White "Bayarmandakh, Balgan"]
[Black "Khatanbaatar, Bazar"]
[Result "0-1"]
[WhiteElo "2242"]
[BlackElo "2365"]
[PlyCount "114"]
[EventDate "2015.04.18"]
[EventType "tourn"]
[EventRounds "13"]
[EventCountry "MGL"]
[EventCategory "3"]
[SourceTitle "CBM 166 Extra"]
[Source "ChessBase"]
[SourceDate "2015.06.18"]
[SourceVersion "1"]
[SourceVersionDate "2015.06.18"]
[SourceQuality "1"]

1. c4 c5 2. Nc3 Nc6 3. g3 g6 4. Bg2 Bg7 5. Nf3 d6 6. 0-0 e6 7. d3 Nge7 8. a3 b6 9. Rb1 Bb7 10. e4 0-0 11. Re1 Qd7 12. Bg5 h6 13. Bd2 Rad8 14. b4 g5 15. h4 g4 16. Nh2 h5 17. Ne2 Ng6 18. Nf4 Nxf4 19. Bxf4 Nd4 20. Qd2 Kh7 21. Be3 Rg8 22. Kh1 Be5 23. Qd1 Rdf8 24. f4 Bg7 25. Nf1 f5 26. Nd2 Rd8 27. Nb3 Nf3 28. Bxf3 gxf3 29. Qxf3 Qf7 30. Kh2 Bh6 31. Nd2 Rg4 32. Rg1 Rdg8 33. Qf2 e5 34. fxe5 Bxe3 35. Qxe3 f4 36. Rbf1 dxe5 37. Rf3 Qe7 38. Qe2 Bc8 39. Rg2 cxb4 40. axb4 Qxb4 41. d4 Qe7 42. Kg1 fxg3 43. d5 R8g7 44. Rd3 Qxh4 45. d6 Be6 46. Qe1 Qg5 47. Qd1 Bd7 48. Nf1 h4 49. Qf3 Rf4 50. Qe3 Qf6 51. Qe1 Bh3 52. d7 Rxd7 53. Rxd7+ Bxd7 54. Ne3 Qg6 55. Nd5 Rf7 56. Ra2 Bh3 57. Ne3 Qxe4 0-1

[Event "MGL-ch 52nd"]
[Site "Arvaikheer"]
[Date "2012.04.09"]
[Round "13"]
[White "Gundavaa, Bayarsaihan"]
[Black "Bayarmandakh, Balgan"]
[Result "1-0"]
[WhiteElo "2502"]
[BlackElo "2295"]
[PlyCount "52"]
[EventDate "2012.04.01"]
[EventType "tourn"]
[EventRounds "15"]
[EventCountry "MGL"]
[EventCategory "3"]
[SourceTitle "EXT 2013"]
[Source "ChessBase"]
[SourceDate "2012.11.22"]
[SourceVersion "1"]
[SourceVersionDate "2012.11.22"]
[SourceQuality "1"]

1. d4 c5 2. d5 e5 3. e4 d6 4. Bb5+ Bd7 5. a4 g6 6. f4 Bg7 7. Nf3 a6 8. Bd3 exf4 9. Bxf4 Bxb2 10. Ra2 Qf6 11. Bxd6 Qxd6 12. Rxb2 Qc7 13. Nbd2 Nf6 14. 0-0 0-0 15. d6 Qc6 16. Nc4 b5 17. Nfe5 Qc8 18. Rxf6 bxc4 19. Bxc4 Nc6 20. Nxg6 Qd8 21. Qf3 Bg4 22. Qf4 Kg7 23. Rxf7+ Rxf7 24. Qxf7+ Kh6 25. Rb7 hxg6 26. Qf4+ g5 1-0

[Event "MGL-ch 52nd"]
[Site "Arvaikheer"]
[Date "2012.04.08"]
[Round "11"]
[White "Erdene, Ganzorig"]
[Black "Bayarmandakh, Balgan"]
[Result "1-0"]
[WhiteElo "2316"]
[BlackElo "2295"]
[PlyCount "71"]
[EventDate "2012.04.01"]
[EventType "tourn"]
[EventRounds "15"]
[EventCountry "MGL"]
[EventCategory "3"]
[SourceTitle "EXT 2013"]
[Source "ChessBase"]
[SourceDate "2012.11.22"]
[SourceVersion "1"]
[SourceVersionDate "2012.11.22"]
[SourceQuality "1"]

1. d4 c5 2. d5 e5 3. c4 d6 4. Nc3 f5 5. e4 Nf6 6. f4 exf4 7. exf5 Bxf5 8. Bxf4 Be7 9. Bd3 Bxd3 10. Qxd3 0-0 11. Nh3 Nh5 12. 0-0 Nd7 13. Qe2 Nxf4 14. Nxf4 Ne5 15. Ne4 Qa5 16. b3 b5 17. cxb5 Rab8 18. a4 a6 19. Nd3 Nxd3 20. Qxd3 axb5 21. Qh3 Qc7 22. Qe6+ Kh8 23. axb5 Qd8 24. Rxf8+ Bxf8 25. Rf1 h6 26. Rf3 Qe7 27. Rf7 Qxe6 28. dxe6 Kg8 29. Nc3 d5 30. Nxd5 Re8 31. Nc7 Rc8 32. Rd7 c4 33. bxc4 Bc5+ 34. Kf1 Kf8 35. Nd5 Ra8 36. b6 1-0

[Event "MGL-ch 52nd"]
[Site "Arvaikheer"]
[Date "2012.04.02"]
[Round "3"]
[White "Nasanjargal, Urtnasan"]
[Black "Bayarmandakh, Balgan"]
[Result "1-0"]
[WhiteElo "2310"]
[BlackElo "2295"]
[PlyCount "117"]
[EventDate "2012.04.01"]
[EventType "tourn"]
[EventRounds "15"]
[EventCountry "MGL"]
[EventCategory "3"]
[SourceTitle "EXT 2013"]
[Source "ChessBase"]
[SourceDate "2012.11.22"]
[SourceVersion "1"]
[SourceVersionDate "2012.11.22"]
[SourceQuality "1"]

1. e4 c5 2. Nf3 Nc6 3. d4 cxd4 4. Nxd4 e5 5. Nb5 d6 6. N1c3 a6 7. Na3 b5 8. Nd5 Nge7 9. c4 b4 10. Nc2 Rb8 11. Bg5 h6 12. Bh4 Qa5 13. b3 Be6 14. Be2 Bxd5 15. cxd5 Na7 16. 0-0 Nb5 17. Bh5 g5 18. Bg3 Bg7 19. h4 0-0 20. hxg5 hxg5 21. Qg4 Nc3 22. Qxg5 Qc7 23. Bh4 Nxe4 24. Qxe7 Qxc2 25. Rac1 Qd2 26. Rc4 Nc3 27. Rg4 Qh6 28. Qf6 Kh7 29. Qf5+ Kh8 30. Rxg7 Kxg7 31. Bg5 Qxh5 32. Bf6+ Kh6 33. Bg7+ Kxg7 34. Qxh5 Rh8 35. Qg5+ Kf8 36. g3 Rg8 37. Qd2 Rb5 38. Qh6+ Ke7 39. Qh4+ Ke8 40. Qc4 Rg6 41. Re1 a5 42. Qc6+ Kf8 43. Re4 Rxd5 44. Rh4 Kg7 45. Qe8 Rh6 46. Rxh6 Kxh6 47. Qxf7 e4 48. Kg2 Rd3 49. g4 Rf3 50. Qh5+ Kg7 51. g5 Rf7 52. g6 Rd7 53. Qh7+ Kf6 54. Qh4+ Ke6 55. Qh6 Kd5 56. g7 Rxg7+ 57. Qxg7 Kc6 58. Qa7 Kb5 59. Qb7+ 1-0

[Event "MGL-ch"]
[Site "Ulaanbaatar"]
[Date "2011.04.01"]
[Round "12"]
[White "Erdene, Ganzorig"]
[Black "Bayarmandakh, Balgan"]
[Result "1-0"]
[WhiteElo "2342"]
[BlackElo "2283"]
[PlyCount "68"]
[EventDate "2011.03.25"]
[EventType "tourn"]
[EventRounds "15"]
[EventCountry "MGL"]
[EventCategory "3"]
[SourceTitle "CBM 141 Extra"]
[Source "ChessBase"]
[SourceDate "2011.05.03"]
[SourceVersion "1"]
[SourceVersionDate "2011.05.03"]
[SourceQuality "1"]

1. d4 Nf6 2. c4 g6 3. Nf3 Bg7 4. Nc3 0-0 5. g3 d6 6. Bg2 c6 7. 0-0 Nbd7 8. e4 e5 9. Bg5 Qc7 10. d5 h6 11. Be3 c5 12. h3 a6 13. Qd2 Kh7 14. Nh4 Qd8 15. a3 b5 16. cxb5 axb5 17. Nxb5 Qb6 18. Nc3 Ba6 19. b4 Bxf1 20. Bxf1 Rfb8 21. Qc2 Bf8 22. Nf3 Be7 23. Nd2 Qd8 24. b5 Qf8 25. a4 Bd8 26. Nb3 Rc8 27. Nd1 Rab8 28. Nb2 Nb6 29. Nc4 Nxc4 30. Qxc4 Nd7 31. a5 f5 32. Bd2 fxe4 33. Qxe4 Nf6 34. Qc4 Qf7 1-0